Bundesland nach Fußballverein-Spitznamen - Statistiken

Allgemein
  • Dieses Quiz wurde 174 mal gespielt
  • Das Durchschnittsergebnis liegt bei 11 aus 14
Antwortstatistiken
Hint Antwort % Korrekt
Die Fohlen Nordrhein-Westfalen
95%
Die Clubberer Bayern
94%
Die Werderaner Bremen
92%
Die Alte Dame Berlin
89%
Die Kiezkicker Hamburg
87%
Die roten Bullen Sachsen
86%
Die Störche Schleswig-Holstein
85%
Die Kraichgauer Baden-Württemberg
84%
Die roten Teufel Rheinland-Pfalz
84%
Die Lilien Hessen
80%
Die Kogge Mecklenburg-Vorpommern
66%
Die Lausitzer Brandenburg
52%
Die Molschder Saarland
51%
Die Roten Niedersachsen
50%
Keine übereinstimmenden Quizze gefunden
Verteilung der Resultate
Anzahl Personen mit jedem Resultat
Perzentil nach korrekt beantworteten Fragen
Ihre Resultats-Entwicklung
Sie haben dieses Quiz noch nicht gespielt